Minerals Engineering International Online (Record no. 120088)
[ view plain ]
| 000 -LEADER | |
|---|---|
| fixed length control field | 00662cam a2200157 4500 |
| 001 - CONTROL NUMBER | |
| control field | WS118805 |
| 008 - FIXED-LENGTH DATA ELEMENTS--GENERAL INFORMATION | |
| fixed length control field | 020712n 000 0 eng u |
| 035 ## - SYSTEM CONTROL NUMBER | |
| System control number | (Sirsi) u118805 |
| 245 ## - TITLE STATEMENT | |
| Title | Minerals Engineering International Online |
| 520 ## - SUMMARY, ETC. | |
| Summary, etc. | Web site which describes itself as 'the largest online source of information for mineral processors and extractive metallurgists'. Includes pages of news on products, people and plant operations and gives details of new patents. |
| 650 ## - SUBJECT ADDED ENTRY--TOPICAL TERM | |
| Topical term or geographic name entry element | QUARRYING |
| 650 ## - SUBJECT ADDED ENTRY--TOPICAL TERM | |
| Topical term or geographic name entry element | MINERALS EXTRACTION |
| 690 ## - LOCAL SUBJECT ADDED ENTRY--TOPICAL TERM (OCLC, RLIN) | |
| Topical term or geographic name as entry element | MINERALS |
| 856 40 - ELECTRONIC LOCATION AND ACCESS | |
| Uniform Resource Identifier | <a href="https://www.min-eng.com">https://www.min-eng.com</a> |
| Public note | View the website free of charge at www.min-eng.com... |
| 942 ## - ADDED ENTRY ELEMENTS (KOHA) | |
| Suppress in OPAC | 0 |
| Withdrawn status | Lost status | Source of classification or shelving scheme | Damaged status | Not for loan | Home library | Current library | Shelving location | Date acquired | Total Checkouts | Full call number | Barcode | Date last seen | Copy number | Price effective from | Koha item type |
|---|---|---|---|---|---|---|---|---|---|---|---|---|---|---|---|
| Dewey Decimal Classification | Virtual | Virtual | Online | 12/07/2002 | WEB SITE | 118805-2001 | 06/08/2019 | 1 | 06/08/2019 | Online material |